| 000 | 00481nam a22001817a 4500 | ||
|---|---|---|---|
| 003 | PILC | ||
| 005 | 20160129105412.0 | ||
| 008 | 121115t xxu||||| |||| 00| 0 eng d | ||
| 020 | _a9715041434 | ||
| 050 |
_aBS 2655.62 _b.B995 1991 |
||
| 082 |
_aFIC _bB99i 1990 |
||
| 100 |
_aByrne, Brendan _920745 |
||
| 245 |
_aInheriting the earth _cBrendan Byrne |
||
| 260 |
_aAustralia : _bSt. Paul Publications, _c1991. |
||
| 300 |
_a110 p. : _c21 cm. |
||
| 942 |
_2lcc _cBK |
||
| 999 |
_c11620 _d11620 |
||